00331nam a2200133Ia 4500008004100000041000800041082001400049100001900063245002500082260003000107300000800137650003300145999001900178230817s1939 xx 000 0 und d aeng a574.1/JAK a"Jackson S,M " aAnatomy & Physiology bBOOK SOCIETY LANDONc1939 a321 aHUMAN ANATOMY AND PHYSIOLOGY c821941d821941